SOIL ENGINEERING: TESTING DESIGN AND REMEDIATION (Record no. 216226)

MARC details
000 -LEADER
fixed length control field 00463nam a22001577a 4500
008 - FIXED-LENGTH DATA ELEMENTS--GENERAL INFORMATION
fixed length control field 251120b |||||||| |||| 00| 0 eng d
020 ## - INTERNATIONAL STANDARD BOOK NUMBER
International Standard Book Number 979-8-88715-316-2
100 ## - MAIN ENTRY--PERSONAL NAME
Personal name PAUL, FRED G.
245 ## - TITLE STATEMENT
Title SOIL ENGINEERING: TESTING DESIGN AND REMEDIATION
260 ## - PUBLICATION, DISTRIBUTION, ETC.
Place of publication, distribution, etc. DUBLIN
Name of publisher, distributor, etc. ORYSON PRESS
Date of publication, distribution, etc. 2024
300 ## - PHYSICAL DESCRIPTION
Extent XII, 310P.
500 ## - GENERAL NOTE
General note INCLUDES INDEX
650 ## - SUBJECT ADDED ENTRY
Topical term or geographic name entry element 1. SOIL MECHANICS 2. SOIL TESTING 3. SOIL REMEDIATION
942 ## - ADDED ENTRY ELEMENTS (KOHA)
Source of classification or shelving scheme Library of Congress Classification
Koha item type Long Loan Book
Holdings
Withdrawn status Lost status Source of classification or shelving scheme Damaged status Not for loan Collection Home library Current library Shelving location Date acquired Inventory number Total checkouts Full call number Barcode Date last seen Copy number Price effective from Koha item type
    Library of Congress Classification     Science & Technology Kisii University Library Kisii University Library On Display 11/20/2025 109934   TA 715 .P38 2024 000000001743 11/20/2025 C.1 11/20/2025 Long Loan Book
    Library of Congress Classification     Science & Technology Kisii University Library Kisii University Library On Display 11/20/2025 109935   TA 715 .P38 2024 000000001744 11/20/2025 C.2 11/20/2025 Long Loan Book
    Library of Congress Classification     Science & Technology Kisii University Library Kisii University Library On Display 11/20/2025 109936   TA 715 .P38 2024 000000002566 11/20/2025 C.3 11/20/2025 Long Loan Book
    Library of Congress Classification     Science & Technology Kisii University Library Kisii University Library On Display 11/20/2025 109937   TA 715 .P38 2024 000000002565 11/20/2025 C.4 11/20/2025 Long Loan Book